|
|
|
|
| LEADER |
00000cam a2200000 a 4500 |
| 001 |
vtls010340666 |
| 003 |
SK-MaSNL |
| 005 |
20260301173506.0 |
| 008 |
240318s2011 xo g 000 p slo |
| 015 |
|
|
|a SNBA2012/07-03672
|
| 020 |
|
|
|a 9788080614652
|q (viaz.)
|
| 040 |
|
|
|a SNK
|b slo
|c SNK
|e AACR2
|
| 041 |
0 |
|
|a slo
|
| 044 |
|
|
|a xo
|c SK
|
| 072 |
|
7 |
|a 821.162.4-1
|x Slovenská poézia
|2 konspekt
|
| 080 |
|
|
|a 821.162.4-1
|2 2001
|
| 080 |
|
|
|a (0:82-1)
|2 2001
|
| 100 |
1 |
|
|a Mahajová, Zdenka,
|d 1956-
|4 aut
|9 186829
|
| 245 |
1 |
0 |
|a Otázniky
|c Zdenka Mahajová
|
| 250 |
|
|
|a 1. vyd.
|
| 260 |
|
|
|a Bratislava
|b Vydavateľstvo Spolku slovenských spisovateľov
|c 2011
|
| 300 |
|
|
|a 53 s.
|c 16 cm
|e 1 audio CD
|
| 655 |
|
7 |
|a slovenská poézia
|2 SNKPH
|9 70444
|
| 655 |
|
7 |
|a Slovak poetry
|2 SNKPHeng
|9 265010
|
| 852 |
|
|
|a Štátna vedecká knižnica v Banskej Bystrici
|
| 919 |
|
|
|a 978-80-8061-465-2
|
| 958 |
|
|
|a LX
|
| 968 |
|
|
|d 821
|
| 999 |
|
|
|c 836813
|d 838743
|
| 952 |
|
|
|a SNK
|b SNK
|y PREZ
|7 0
|p 17A1018029
|o snkSD 81078
|i snk2012/10424
|8 0
|3 Príloha: 1 audio CD
|0 0
|1 0
|4 0
|d 2012-05-31
|l 0
|r 2025-12-01 00:00:00
|w 2026-02-24
|
| 952 |
|
|
|a SNK
|b SNK
|y PREZ
|7 0
|p 17A1018028
|o snkSD 81078/príl.
|i snk2012/10424
|8 0
|3 Príloha: 1 audio CD
|z Príloha
|0 0
|1 0
|4 0
|d 2012-05-31
|l 0
|r 2025-12-01 00:00:00
|w 2026-02-24
|
| 952 |
|
|
|a SNK
|b SNK
|y VYP
|7 0
|p 17A1018027
|o snkSD 81078 D1
|i snk2012/10425
|8 0
|3 Príloha: 1 audio CD
|0 0
|1 0
|4 0
|d 2012-05-31
|l 0
|r 2017-06-30 00:00:00
|w 2026-02-24
|
| 952 |
|
|
|a SNK
|b SNK
|y PREZ
|7 0
|p 17A1018094
|o snkSD 81078/príl. D1
|i snk2012/10425
|8 0
|3 Príloha: 1 audio CD
|z Príloha
|0 0
|1 0
|4 0
|d 2012-05-31
|l 0
|r 2017-06-30 00:00:00
|w 2026-02-24
|